<?xml version="1.0" encoding="UTF-8"?>
<record
    xmlns:xsi="http://www.w3.org/2001/XMLSchema-instance"
    xsi:schemaLocation="http://www.loc.gov/MARC21/slim http://www.loc.gov/standards/marcxml/schema/MARC21slim.xsd"
    xmlns="http://www.loc.gov/MARC21/slim">

  <leader>02568nam a22002777a 4500</leader>
  <controlfield tag="003">DO-CoUTE</controlfield>
  <controlfield tag="005">20260511142559.0</controlfield>
  <controlfield tag="008">260511b        dr ||||| |||| 00| 0 spa d</controlfield>
  <datafield tag="040" ind1=" " ind2=" ">
    <subfield code="a">DO-CoUTE</subfield>
    <subfield code="b">spa</subfield>
    <subfield code="c">DO-CoUTE</subfield>
  </datafield>
  <datafield tag="041" ind1=" " ind2=" ">
    <subfield code="a">spa</subfield>
  </datafield>
  <datafield tag="092" ind1=" " ind2=" ">
    <subfield code="a">ING 2025 D36 </subfield>
  </datafield>
  <datafield tag="100" ind1="1" ind2=" ">
    <subfield code="a">Del Orbe Leonardo, Edward</subfield>
    <subfield code="e">Sustentante </subfield>
  </datafield>
  <datafield tag="245" ind1="1" ind2="0">
    <subfield code="a">Aplicaci&#xF3;n De La Ingenier&#xED;a 4.0 Como Estrategia Para El Desarrollo Sostenible De Infraestructuras Civiles en el municipio de Cotu&#xED; / </subfield>
    <subfield code="c">Edward Del Orbe Leonardo, Rainer Mateo Bel&#xE9;n ; Asesor, Lu&#xED;s N&#xFA;&#xF1;ez Hern&#xE1;ndez </subfield>
  </datafield>
  <datafield tag="260" ind1=" " ind2=" ">
    <subfield code="a">Cotu&#xED;, Rep&#xFA;blica Dominicana ; </subfield>
    <subfield code="b">UTECO, </subfield>
    <subfield code="c">2025</subfield>
  </datafield>
  <datafield tag="300" ind1=" " ind2=" ">
    <subfield code="a">44 Paginas : </subfield>
    <subfield code="b">Graficos ; </subfield>
    <subfield code="c">23cm, </subfield>
  </datafield>
  <datafield tag="502" ind1=" " ind2=" ">
    <subfield code="a"> Trabajo de Grado (Ingeniero Civil) Universidad Tecnol&#xF3;gica del Cibao Oriental, 2025</subfield>
  </datafield>
  <datafield tag="504" ind1=" " ind2=" ">
    <subfield code="a">Incluye referencia bibliogr&#xE1;fica e &#xED;ndice.

</subfield>
  </datafield>
  <datafield tag="520" ind1=" " ind2=" ">
    <subfield code="a">Este trabajo de grado tuvo como objetivo analizar el panorama actual de la aplicaci&#xF3;n de la
Ingenier&#xED;a 4.0 como estrategia para el desarrollo sostenible de infraestructuras civiles en el casco
urbano del municipio de Cotu&#xED;, abordando la problem&#xE1;tica de la brecha entre la demanda de
sostenibilidad y la limitada adopci&#xF3;n tecnol&#xF3;gica en el sector de la construcci&#xF3;n local. La
metodolog&#xED;a empleada fue de tipo descriptivo con un enfoque propositivo, apoy&#xE1;ndose en la
aplicaci&#xF3;n de un instrumento de recolecci&#xF3;n de datos (cuestionario) dirigido a actores del sector
(ingenieros, constructores y acad&#xE9;micos) para evaluar el nivel de madurez digital y las
percepciones sobre las tecnolog&#xED;as 4.0. Los resultados concluyeron que el sector exhibe un nivel
de madurez digital incipiente, mostrando una baja adopci&#xF3;n cr&#xED;tica de herramientas como BIM e
IoT debido principalmente a la falta de apoyo institucional y de talento calificado. Para revertir
esta situaci&#xF3;n y capitalizar las oportunidades de optimizaci&#xF3;n de procesos y eficiencia energ&#xE9;tica,
el estudio propone un marco estrat&#xE9;gico basado en incentivos municipales, alianzas acad&#xE9;micas de
capacitaci&#xF3;n (Lean Construction Sostenible) y la implementaci&#xF3;n de sistemas de monitoreo IoT
para la gesti&#xF3;n de la sostenibilidad post-construcci&#xF3;n</subfield>
  </datafield>
  <datafield tag="650" ind1=" " ind2="4">
    <subfield code="a">Desarrollo sostenible de infraestructura civiles </subfield>
  </datafield>
  <datafield tag="700" ind1="1" ind2=" ">
    <subfield code="a">Edward Del Orbe Leonardo</subfield>
    <subfield code="e">Sustentante </subfield>
  </datafield>
  <datafield tag="700" ind1="1" ind2=" ">
    <subfield code="a">Rainer Mateo Bel&#xE9;n</subfield>
    <subfield code="e">Sustentante </subfield>
  </datafield>
  <datafield tag="700" ind1="1" ind2=" ">
    <subfield code="a">Lu&#xED;s N&#xFA;&#xF1;ez Hern&#xE1;ndez</subfield>
    <subfield code="e">Asesor </subfield>
  </datafield>
  <datafield tag="830" ind1=" " ind2=" ">
    <subfield code="a">Tesis y disertaciones acad&#xE9;micas (Universidad Tecnol&#xF3;gica del Cibao Oriental)</subfield>
  </datafield>
  <datafield tag="856" ind1=" " ind2=" ">
    <subfield code="y">Haga Click Aqu&#xED; para Descargar en Texto Completo</subfield>
  </datafield>
  <datafield tag="942" ind1=" " ind2=" ">
    <subfield code="2">ddc</subfield>
    <subfield code="c">TH</subfield>
  </datafield>
  <datafield tag="999" ind1=" " ind2=" ">
    <subfield code="c">24180</subfield>
    <subfield code="d">24180</subfield>
  </datafield>
  <datafield tag="952" ind1=" " ind2=" ">
    <subfield code="0">0</subfield>
    <subfield code="1">0</subfield>
    <subfield code="2">ddc</subfield>
    <subfield code="4">0</subfield>
    <subfield code="7">0</subfield>
    <subfield code="8">eT</subfield>
    <subfield code="a">BU</subfield>
    <subfield code="b">BU</subfield>
    <subfield code="c">GEN</subfield>
    <subfield code="d">2026-05-11</subfield>
    <subfield code="i">24180</subfield>
    <subfield code="l">0</subfield>
    <subfield code="o">ING 2025 D36 </subfield>
    <subfield code="p">24180</subfield>
    <subfield code="r">2026-05-11 13:00:02</subfield>
    <subfield code="t">Ej.1</subfield>
    <subfield code="w">2026-05-11</subfield>
    <subfield code="y">TH</subfield>
  </datafield>
</record>
